[Event "GM-Turnier"]
[Site "Berlin"]
[Date "2009.07.04"]
[Round "1.1"]
[White "Jemelin, Wassili"]
[Black "Schneider, Ilja"]
[Result "1/2-1/2"]
[WhiteElo "2588"]
[BlackElo "2508"]
[PlyCount "80"]
[EventDate "2009.07.??"]

1. e4 {1:30:30} 1... c5 {1:29:07} 2. Nf3 {1:30:21} 2... e6 {1:29:15} 3. d4 {
1:30:25} 3... cxd4 {1:29:37} 4. Nxd4 {1:30:51} 4... Nf6 {1:29:57} 5. Nc3 {
1:31:17} 5... Nc6 {1:30:16} 6. Ndb5 {1:29:51} 6... Bb4 {1:29:33} 7. a3 {1:30:16
} 7... Bxc3+ {1:29:58} 8. Nxc3 {1:30:42} 8... d5 {1:30:21} 9. exd5 {1:30:47}
9... exd5 {1:30:38} 10. Bd3 {1:31:11} 10... O-O {1:31:01} 11. O-O {1:31:37}
11... h6 {1:31:25} 12. Ne2 {1:18:16} 12... Re8 {1:24:56} 13. Ng3 {0:41:56}
13... Bg4 {1:10:28} 14. Qd2 {0:37:53} 14... Ne5 {1:07:56} 15. Bb5 {0:28:45}
15... Bd7 {1:03:09} 16. Be2 {0:26:08} 16... Qc7 {0:55:39} 17. c3 {0:23:45}
17... Nc4 {0:36:07} 18. Qd4 {0:22:22} 18... Ne4 {0:34:18} 19. Bd3 {0:12:17}
19... Nxg3 {0:34:07} 20. hxg3 {0:11:54} 20... Qe5 {0:32:50} 21. b3 {0:07:30}
21... Qxd4 {0:32:53} 22. cxd4 {0:07:58} 22... Nd6 {0:32:48} 23. Bf4 {0:04:50}
23... Nf5 {0:31:23} 24. Bxf5 {0:04:27} 24... Bxf5 {0:31:07} 25. Rfc1 {0:02:40}
25... Rac8 {0:30:49} 26. Rxc8 {0:02:53} 26... Rxc8 {0:31:15} 27. Rc1 {0:03:18}
27... Rxc1+ {0:31:33} 28. Bxc1 {0:03:46} 28... Bc2 {0:31:48} 29. b4 {0:04:11}
29... b5 {0:30:43} 30. Bf4 {0:04:09} 30... f6 {0:30:14} 31. g4 {0:04:27} 31...
Kf7 {0:30:36} 32. f3 {0:04:43} 32... g5 {0:30:41} 33. Bb8 {0:05:07} 33... a6 {
0:31:08} 34. Kf2 {0:05:29} 34... Kg6 {0:31:31} 35. Bd6 {0:05:26} 35... Bb1 {
0:31:34} 36. Be7 {0:05:19} 36... Kf7 {0:31:56} 37. Bd8 {0:05:40} 37... Kg6 {
0:32:19} 38. Be7 {0:06:06} 38... Bc2 {0:32:42} 39. Bd8 {0:06:30} 39... Bd3 {
0:33:07} 40. Ke3 {0:06:53} 40... Bc4 {0:33:29} 1/2-1/2

[Event "GM-Turnier"]
[Site "Berlin"]
[Date "2009.07.04"]
[Round "1.2"]
[White "Erdoes, Viktor"]
[Black "Paehtz, Elisabeth"]
[Result "1-0"]
[WhiteElo "2565"]
[BlackElo "2474"]
[PlyCount "103"]
[EventDate "2009.07.??"]

1. d4 {1:30:16} 1... e6 {1:30:19} 2. c4 {1:30:25} 2... Bb4+ {1:30:46} 3. Nd2 {
1:28:55} 3... Nf6 {1:30:20} 4. Ngf3 {1:28:37} 4... b6 {1:30:35} 5. e3 {1:28:58}
5... Bb7 {1:30:11} 6. Bd3 {1:28:22} 6... c5 {1:16:38} 7. O-O {1:25:35} 7...
cxd4 {1:16:04} 8. exd4 {1:25:57} 8... O-O {1:15:14} 9. a3 {1:25:09} 9... Be7 {
1:12:54} 10. Re1 {1:20:56} 10... d6 {1:04:24} 11. b4 {1:20:10} 11... Re8 {
1:03:30} 12. Bb2 {1:20:19} 12... Bf8 {1:03:20} 13. Nf1 {1:15:52} 13... a5 {
1:02:19} 14. Ng3 {1:08:44} 14... Nbd7 {0:52:02} 15. Rb1 {0:50:27} 15... axb4 {
0:50:33} 16. axb4 {0:50:46} 16... Qc7 {0:49:53} 17. Rc1 {0:38:51} 17... Qb8 {
0:48:08} 18. Nd2 {0:33:20} 18... Ra2 {0:40:44} 19. Qb3 {0:32:26} 19... Qa8 {
0:40:36} 20. Ra1 {0:31:16} 20... Rxa1 {0:40:50} 21. Rxa1 {0:31:42} 21... Qb8 {
0:41:17} 22. Re1 {0:25:36} 22... Qc7 {0:38:43} 23. Rc1 {0:17:24} 23... Qb8 {
0:30:42} 24. Ngf1 {0:13:18} 24... Ba8 {0:22:00} 25. Ne3 {0:10:37} 25... Rc8 {
0:21:15} 26. Rc2 {0:05:29} 26... Rc7 {0:18:16} 27. d5 {0:04:16} 27... e5 {
0:17:01} 28. Nb1 {0:03:03} 28... b5 {0:13:37} 29. cxb5 {0:03:09} 29... Rxc2 {
0:14:03} 30. Bxc2 {0:01:54} 30... Qxb5 {0:12:04} 31. Nc3 {0:02:15} 31... Qb7 {
0:12:29} 32. g4 {0:01:04} 32... Nb6 {0:11:36} 33. Bd1 {0:00:58} 33... h6 {
0:09:19} 34. Bf3 {0:01:06} 34... g6 {0:07:09} 35. Ne4 {0:00:40} 35... Be7 {
0:06:08} 36. Nxf6+ {0:00:48} 36... Bxf6 {0:06:34} 37. Nc4 {0:00:37} 37... Nxc4
{0:03:43} 38. Qxc4 {0:01:04} 38... Kg7 {0:04:05} 39. Bc1 {0:01:18} 39... Bd8 {
0:02:49} 40. Bd2 {0:00:32} 40... Bb6 {0:00:38} 41. Qc1 {0:00:39} 41... g5 {
0:26:41} 42. h4 {0:27:49} 42... f6 {0:21:31} 43. hxg5 {0:11:18} 43... fxg5 {
0:20:02} 44. Qc6 {0:02:15} 44... Qf7 {0:03:57} 45. Qxa8 {0:01:32} 45... Qxf3 {
0:04:22} 46. Qb7+ {0:01:55} 46... Kg8 {0:01:24} 47. Qxb6 {0:02:13} 47... Qd1+ {
0:01:53} 48. Kg2 {0:02:30} 48... Qxd2 {0:01:05} 49. Qxd6 {0:02:50} 49... Qf4 {
0:00:58} 50. Qg6+ {0:02:59} 50... Kh8 {0:01:23} 51. Qxh6+ {0:03:24} 51... Kg8 {
0:01:51} 52. Qg6+ {0:03:43} 1-0

[Event "GM-Turnier"]
[Site "Berlin"]
[Date "2009.07.04"]
[Round "1.3"]
[White "Stern, Rene"]
[Black "Tischbierek, Raj"]
[Result "1-0"]
[WhiteElo "2498"]
[BlackElo "2447"]
[PlyCount "51"]
[EventDate "2009.07.??"]

1. d4 {1:30:26} 1... d5 {1:30:25} 2. c4 {1:30:25} 2... c6 {1:30:53} 3. cxd5 {
1:30:44} 3... cxd5 {1:31:05} 4. Nc3 {1:31:08} 4... Nf6 {1:30:54} 5. Bf4 {
1:31:27} 5... Nc6 {1:29:30} 6. e3 {1:31:53} 6... e6 {1:29:35} 7. Bd3 {1:31:57}
7... Bd6 {1:29:54} 8. Bxd6 {1:31:50} 8... Qxd6 {1:30:21} 9. f4 {1:32:05} 9...
O-O {1:28:13} 10. Nf3 {1:32:15} 10... b6 {1:23:16} 11. Ne5 {1:22:11} 11... Bb7
{1:21:24} 12. O-O {1:20:33} 12... Qe7 {1:18:46} 13. Qf3 {0:52:40} 13... g6 {
1:09:15} 14. Rac1 {0:51:35} 14... Rac8 {1:06:03} 15. a3 {0:46:38} 15... Rfd8 {
0:31:58} 16. g4 {0:25:41} 16... Nxe5 {0:28:41} 17. fxe5 {0:26:00} 17... Ne8 {
0:26:30} 18. Rc2 {0:23:17} 18... Ng7 {0:23:20} 19. Qg3 {0:20:13} 19... Rf8 {
0:22:49} 20. Rf6 {0:17:37} 20... Rfd8 {0:18:23} 21. Rcf2 {0:14:34} 21... Ne8 {
0:14:52} 22. Rxf7 {0:13:58} 22... Qxf7 {0:15:02} 23. Rxf7 {0:14:25} 23... Kxf7
{0:15:25} 24. Qh4 {0:14:49} 24... Kg8 {0:13:13} 25. Qe7 {0:15:12} 25... Bc6 {
0:11:06} 26. Ba6 {0:14:13} 1-0

[Event "GM-Turnier"]
[Site "Berlin"]
[Date "2009.07.04"]
[Round "1.4"]
[White "Maksimenko, Andrej"]
[Black "Kurmann, Oliver"]
[Result "1-0"]
[WhiteElo "2544"]
[BlackElo "2420"]
[PlyCount "73"]
[EventDate "2009.07.??"]

1. d4 {1:30:27} 1... e6 {1:29:53} 2. c4 {1:30:38} 2... Nf6 {1:30:18} 3. Nc3 {
1:30:52} 3... c5 {1:30:42} 4. d5 {1:31:05} 4... exd5 {1:31:05} 5. cxd5 {1:31:32
} 5... d6 {1:31:25} 6. e4 {1:31:33} 6... g6 {1:31:42} 7. f4 {1:31:52} 7... Bg7
{1:30:51} 8. Bb5+ {1:32:12} 8... Nfd7 {1:31:14} 9. a4 {1:32:19} 9... a6 {
1:31:36} 10. Be2 {1:32:03} 10... Qh4+ {1:30:05} 11. g3 {1:31:53} 11... Qe7 {
1:30:29} 12. Nf3 {1:32:08} 12... O-O {1:30:38} 13. O-O {1:32:02} 13... Nf6 {
1:30:17} 14. e5 {1:27:55} 14... Ne8 {1:30:35} 15. Re1 {1:18:11} 15... Nd7 {
1:25:00} 16. e6 {0:55:30} 16... fxe6 {1:24:54} 17. dxe6 {0:54:39} 17... Ndf6 {
1:24:55} 18. f5 {0:46:30} 18... gxf5 {1:20:04} 19. Bc4 {0:45:25} 19... Nc7 {
0:46:49} 20. Bg5 {0:26:36} 20... Bxe6 {0:14:34} 21. Nd5 {0:19:43} 21... Qf7 {
0:11:57} 22. Rxe6 {0:10:52} 22... Nxe6 {0:12:03} 23. Bxf6 {0:11:07} 23... Bxf6
{0:06:23} 24. Nf4 {0:11:07} 24... Kh8 {0:02:48} 25. Nxe6 {0:10:51} 25... Bxb2 {
0:01:39} 26. Rb1 {0:07:44} 26... Be5 {0:01:46} 27. Qd5 {0:04:19} 27... b5 {
0:01:01} 28. Nxf8 {0:03:56} 28... Qxd5 {0:00:32} 29. Bxd5 {0:04:24} 29... Rxf8
{0:00:56} 30. axb5 {0:04:53} 30... axb5 {0:01:20} 31. Rxb5 {0:04:42} 31... Kg7
{0:00:09} 32. Rb7+ {0:02:25} 32... Kg6 {0:00:04} 33. Re7 {0:02:04} 33... Bf6 {
0:00:12} 34. Re6 {0:02:26} 34... Rd8 {0:00:13} 35. Kf2 {0:02:04} 35... Kg7 {
0:00:21} 36. Ke3 {0:02:23} 36... Rd7 {0:00:05} 37. Kf4 {0:02:27} 1-0

[Event "GM-Turnier"]
[Site "Berlin"]
[Date "2009.07.04"]
[Round "1.5"]
[White "Lundin, Jan"]
[Black "Rabiega, Robert"]
[Result "1-0"]
[WhiteElo "2382"]
[BlackElo "2551"]
[PlyCount "43"]
[EventDate "2009.07.??"]

1. c4 {1:30:24} 1... e5 {1:30:20} 2. Nc3 {1:30:47} 2... Nf6 {1:30:46} 3. Nf3 {
1:31:10} 3... Nc6 {1:31:11} 4. d4 {1:31:34} 4... exd4 {1:31:34} 5. Nxd4 {
1:31:59} 5... Bb4 {1:31:54} 6. Bg5 {1:32:15} 6... h6 {1:30:53} 7. Bh4 {1:31:57}
7... O-O {1:26:06} 8. Nxc6 {1:27:02} 8... bxc6 {1:20:27} 9. e3 {1:25:44} 9...
g5 {1:05:01} 10. Bg3 {1:25:54} 10... Ne4 {1:05:25} 11. Qc2 {1:09:32} 11... Qf6
{0:59:33} 12. Rc1 {1:05:33} 12... d5 {0:50:53} 13. Bd3 {1:03:42} 13... Re8 {
0:31:29} 14. O-O {0:58:01} 14... Nxg3 {0:31:52} 15. fxg3 {0:37:56} 15... Qe5 {
0:30:32} 16. cxd5 {0:37:47} 16... cxd5 {0:27:41} 17. Nxd5 {0:37:21} 17... Qxd5
{0:23:15} 18. Bc4 {0:36:48} 18... Be6 {0:22:54} 19. Bxd5 {0:35:53} 19... Bxd5 {
0:23:20} 20. Qxc7 {0:30:35} 20... Rxe3 {0:23:27} 21. Qd7 {0:22:02} 21... Re5 {
0:23:39} 22. Rfd1 {0:13:08} 1-0

[Event "GM-Turnier"]
[Site "Berlin"]
[Date "2009.07.04"]
[Round "1.6"]
[White "Agopov, Mikael"]
[Black "Figura, Atila Gajo"]
[Result "1-0"]
[WhiteElo "2442"]
[BlackElo "2436"]
[PlyCount "83"]
[EventDate "2009.07.??"]

1. e4 {1:30:23} 1... c5 {1:30:05} 2. Nf3 {1:30:46} 2... d6 {1:30:26} 3. d4 {
1:31:05} 3... cxd4 {1:30:48} 4. Nxd4 {1:31:29} 4... Nf6 {1:31:11} 5. Nc3 {
1:31:51} 5... Bd7 {1:31:36} 6. Bc4 {1:30:59} 6... Nc6 {1:31:28} 7. Bb3 {1:30:22
} 7... g6 {1:30:24} 8. f3 {1:26:27} 8... Nxd4 {1:28:40} 9. Qxd4 {1:26:21} 9...
Bg7 {1:29:04} 10. Bg5 {1:24:39} 10... O-O {1:28:02} 11. Qe3 {1:15:09} 11... b5
{1:23:21} 12. O-O {1:15:23} 12... a5 {1:15:59} 13. a3 {1:14:26} 13... Bc6 {
1:05:03} 14. Rad1 {1:11:25} 14... Qc7 {1:02:52} 15. Rf2 {0:57:28} 15... Rab8 {
0:55:03} 16. Ne2 {0:47:08} 16... a4 {0:48:57} 17. Ba2 {0:46:36} 17... b4 {
0:49:02} 18. Nd4 {0:45:33} 18... Bd7 {0:40:58} 19. axb4 {0:37:20} 19... Rxb4 {
0:40:50} 20. b3 {0:35:25} 20... Rc8 {0:30:51} 21. Qe1 {0:29:16} 21... Rbb8 {
0:28:25} 22. bxa4 {0:29:17} 22... Bxa4 {0:27:47} 23. Bb3 {0:29:22} 23... Be8 {
0:20:04} 24. Rfd2 {0:23:46} 24... Qc5 {0:14:53} 25. Be3 {0:22:55} 25... Qc3 {
0:14:47} 26. Qf2 {0:22:04} 26... Nd7 {0:13:34} 27. Ne2 {0:22:24} 27... Qc7 {
0:13:44} 28. Nf4 {0:22:42} 28... Nf6 {0:10:48} 29. g4 {0:20:03} 29... Bc6 {
0:09:24} 30. h4 {0:20:04} 30... Nd7 {0:06:18} 31. h5 {0:19:57} 31... Kf8 {
0:06:20} 32. hxg6 {0:18:22} 32... hxg6 {0:06:43} 33. Qh4 {0:18:03} 33... Nc5 {
0:06:49} 34. Bc4 {0:12:10} 34... Rb4 {0:05:00} 35. Bd5 {0:12:37} 35... Ba4 {
0:04:24} 36. Ba2 {0:06:57} 36... Rb2 {0:02:09} 37. Nd5 {0:06:38} 37... Qb7 {
0:02:38} 38. Bh6 {0:06:03} 38... Rxc2 {0:01:09} 39. Rxc2 {0:04:55} 39... Bxc2 {
0:01:33} 40. Rd2 {0:04:45} 40... Ne6 {0:00:26} 41. Bxg7+ {0:03:12} 41... Kxg7 {
0:26:17} 42. Rh2 {0:33:25} 1-0

[Event "GM-Turnier"]
[Site "Berlin"]
[Date "2009.07.05"]
[Round "2.2"]
[White "Figura, Atila Gajo"]
[Black "Lundin, Jan"]
[Result "1/2-1/2"]
[WhiteElo "2436"]
[BlackElo "2382"]
[PlyCount "119"]
[EventDate "2009.07.??"]

1. d4 {1:18:47} 1... d5 {1:29:15} 2. c4 {1:19:09} 2... dxc4 {1:29:31} 3. Nf3 {
1:19:22} 3... Nf6 {1:29:55} 4. e3 {1:19:47} 4... e6 {1:30:16} 5. Bxc4 {1:20:12}
5... a6 {1:30:40} 6. O-O {1:20:35} 6... c5 {1:31:07} 7. Bb3 {1:20:58} 7... Nc6
{1:31:12} 8. Qe2 {1:20:34} 8... Qc7 {1:30:23} 9. Nc3 {1:19:10} 9... Bd6 {
1:30:16} 10. Bd2 {1:11:07} 10... O-O {1:09:44} 11. Rac1 {1:11:18} 11... cxd4 {
1:08:42} 12. exd4 {1:11:41} 12... h6 {1:07:18} 13. Rfd1 {1:05:31} 13... Rd8 {
0:56:34} 14. Ne4 {1:04:03} 14... Nd5 {0:54:23} 15. Qd3 {1:02:21} 15... Nf4 {
0:41:40} 16. Bxf4 {1:02:02} 16... Bxf4 {0:42:00} 17. Rc3 {1:02:25} 17... Qb6 {
0:37:08} 18. a3 {0:55:06} 18... Ne7 {0:33:29} 19. g3 {0:51:33} 19... Bb8 {
0:32:24} 20. Bc2 {0:48:35} 20... Nd5 {0:30:21} 21. Rc5 {0:47:57} 21... Bd7 {
0:25:44} 22. Ne5 {0:21:37} 22... Be8 {0:16:49} 23. Bb1 {0:13:30} 23... Bxe5 {
0:07:34} 24. dxe5 {0:13:53} 24... Qxb2 {0:07:46} 25. Nd6 {0:06:43} 25... Qxe5 {
0:06:57} 26. Qh7+ {0:06:51} 26... Kf8 {0:07:19} 27. Rcxd5 {0:07:16} 27... exd5
{0:05:32} 28. Qh8+ {0:03:16} 28... Ke7 {0:05:49} 29. Nf5+ {0:03:42} 29... Kd7 {
0:05:31} 30. Nxg7 {0:04:04} 30... Kc7 {0:04:56} 31. Qxh6 {0:04:01} 31... Bc6 {
0:04:20} 32. Nf5 {0:04:00} 32... d4 {0:02:56} 33. Bd3 {0:01:00} 33... Qd5 {
0:01:50} 34. Qf4+ {0:01:24} 34... Kb6 {0:02:12} 35. Kf1 {0:01:44} 35... Rd7 {
0:01:49} 36. h4 {0:01:30} 36... Re8 {0:02:02} 37. f3 {0:01:49} 37... Qxf3+ {
0:02:07} 38. Qxf3 {0:02:15} 38... Bxf3 {0:02:30} 39. Rb1+ {0:02:38} 39... Ka7 {
0:01:17} 40. Kf2 {0:02:43} 40... Be4 {0:01:23} 41. Rd1 {0:03:09} 41... Rd5 {
0:21:24} 42. g4 {0:30:55} 42... Bxf5 {0:18:59} 43. Bxf5 {0:31:03} 43... Re3 {
0:19:11} 44. Rxd4 {0:27:30} 44... Rxd4 {0:19:06} 45. Kxe3 {0:27:59} 45... Ra4 {
0:19:06} 46. h5 {0:28:25} 46... Rxa3+ {0:18:03} 47. Bd3 {0:28:49} 47... Ra1 {
0:11:36} 48. g5 {0:20:59} 48... Rh1 {0:10:01} 49. h6 {0:21:13} 49... Rh3+ {
0:08:02} 50. Ke4 {0:19:57} 50... f6 {0:06:05} 51. g6 {0:14:14} 51... Rxh6 {
0:05:35} 52. Kf5 {0:14:39} 52... Rh8 {0:02:20} 53. Bc4 {0:14:30} 53... b5 {
0:01:34} 54. g7 {0:14:54} 54... Rd8 {0:01:33} 55. g8=Q {0:15:19} 55... Rxg8 {
0:01:58} 56. Bxg8 {0:15:44} 56... Kb6 {0:02:09} 57. Kxf6 {0:15:25} 57... Kc5 {
0:02:16} 58. Ke5 {0:15:44} 58... Kb4 {0:01:51} 59. Kd4 {0:16:03} 59... Ka3 {
0:01:15} 60. Kc3 {0:16:24} 1/2-1/2

[Event "GM-Turnier"]
[Site "Berlin"]
[Date "2009.07.05"]
[Round "2.3"]
[White "Tischbierek, Raj"]
[Black "Agopov, Mikael"]
[Result "1/2-1/2"]
[WhiteElo "2447"]
[BlackElo "2442"]
[PlyCount "92"]
[EventDate "2009.07.??"]

1. e4 {1:29:35} 1... c5 {1:30:24} 2. Nf3 {1:29:52} 2... Nc6 {1:30:37} 3. d4 {
1:29:45} 3... cxd4 {1:31:01} 4. Nxd4 {1:30:12} 4... Nf6 {1:31:23} 5. Nc3 {
1:30:21} 5... e5 {1:31:45} 6. Ndb5 {1:29:50} 6... d6 {1:32:10} 7. a4 {1:23:50}
7... a6 {1:25:44} 8. Na3 {1:23:54} 8... Be7 {1:26:07} 9. Bg5 {1:22:38} 9... Bg4
{1:09:37} 10. Qd2 {1:14:31} 10... Rc8 {1:08:28} 11. Bd3 {1:04:12} 11... Nd4 {
1:06:39} 12. O-O {0:56:43} 12... O-O {1:04:11} 13. Be3 {0:48:36} 13... d5 {
0:57:46} 14. Nxd5 {0:32:45} 14... Nxd5 {0:57:57} 15. exd5 {0:33:11} 15... Qxd5
{0:57:39} 16. c3 {0:25:56} 16... Nf5 {0:55:46} 17. Bxf5 {0:24:01} 17... Qxd2 {
0:56:10} 18. Bxh7+ {0:24:26} 18... Kxh7 {0:56:36} 19. Bxd2 {0:24:52} 19... Rfd8
{0:53:08} 20. Be3 {0:23:28} 20... Be2 {0:52:20} 21. Rfe1 {0:23:21} 21... Bd3 {
0:52:45} 22. Nb1 {0:18:15} 22... f5 {0:45:32} 23. Nd2 {0:16:34} 23... Rd5 {
0:39:30} 24. f4 {0:13:14} 24... exf4 {0:28:29} 25. Bxf4 {0:13:16} 25... Bf6 {
0:28:54} 26. Nf3 {0:11:15} 26... Be4 {0:21:17} 27. Ng5+ {0:11:03} 27... Bxg5 {
0:21:42} 28. Bxg5 {0:11:30} 28... Rc6 {0:22:06} 29. Be3 {0:07:44} 29... Rg6 {
0:21:17} 30. g3 {0:07:30} 30... Rd3 {0:21:34} 31. Rad1 {0:07:21} 31... Rgd6 {
0:21:07} 32. Bd4 {0:06:35} 32... Rxd1 {0:21:10} 33. Rxd1 {0:07:03} 33... g5 {
0:21:29} 34. Kf2 {0:05:41} 34... Rh6 {0:16:43} 35. Kg1 {0:06:10} 35... Rd6 {
0:17:06} 36. Re1 {0:05:32} 36... g4 {0:15:44} 37. Re2 {0:05:25} 37... Kg8 {
0:13:33} 38. Kf2 {0:05:42} 38... Kf7 {0:14:00} 39. Ke3 {0:05:08} 39... Ke6 {
0:14:25} 40. b3 {0:03:13} 40... Kd5 {0:09:11} 41. c4+ {0:01:32} 41... Ke6 {
0:09:30} 42. b4 {0:29:08} 42... Rc6 {0:39:26} 43. c5 {0:27:15} 43... Kd5 {
0:39:22} 44. Bg7 {0:16:15} 44... Kc4 {0:38:38} 45. Rb2 {0:15:17} 45... a5 {
0:36:11} 46. bxa5 {0:15:07} 46... Rxc5 {0:36:36} 1/2-1/2

[Event "GM-Turnier"]
[Site "Berlin"]
[Date "2009.07.05"]
[Round "2.4"]
[White "Kurmann, Oliver"]
[Black "Stern, Rene"]
[Result "1/2-1/2"]
[WhiteElo "2420"]
[BlackElo "2498"]
[PlyCount "99"]
[EventDate "2009.07.??"]

1. e4 {1:26:48} 1... e5 {1:30:20} 2. Nf3 {1:27:13} 2... Nc6 {1:30:45} 3. Bc4 {
1:27:37} 3... Bc5 {1:31:08} 4. c3 {1:28:02} 4... Nf6 {1:31:23} 5. d3 {1:28:25}
5... d6 {1:31:40} 6. Bb3 {1:28:26} 6... h6 {1:28:43} 7. h3 {1:26:36} 7... a6 {
1:29:00} 8. Nbd2 {1:26:30} 8... Be6 {1:29:21} 9. Nf1 {1:25:04} 9... d5 {1:12:58
} 10. Qe2 {1:22:23} 10... O-O {1:07:11} 11. Ng3 {1:09:45} 11... Re8 {0:57:27}
12. Nh2 {0:55:15} 12... Bf8 {0:41:29} 13. Ng4 {0:54:23} 13... Nh7 {0:41:43} 14.
Qf3 {0:33:54} 14... dxe4 {0:40:00} 15. dxe4 {0:34:10} 15... Ng5 {0:33:49} 16.
Qe2 {0:24:21} 16... Bxb3 {0:18:23} 17. axb3 {0:24:26} 17... Ne6 {0:17:07} 18.
O-O {0:24:46} 18... Nf4 {0:10:45} 19. Qf3 {0:24:44} 19... Qd3 {0:09:38} 20. Ne3
{0:12:33} 20... Rad8 {0:09:15} 21. b4 {0:12:16} 21... Qd7 {0:06:03} 22. Nh5 {
0:07:59} 22... Nxh5 {0:05:13} 23. Qxh5 {0:08:15} 23... Qe6 {0:05:08} 24. Nd5 {
0:05:43} 24... Rd7 {0:05:30} 25. Qg4 {0:02:56} 25... Qxg4 {0:04:59} 26. hxg4 {
0:03:25} 26... Ne7 {0:04:52} 27. Ne3 {0:02:56} 27... Red8 {0:04:41} 28. Nc4 {
0:02:28} 28... Nc6 {0:04:15} 29. Be3 {0:01:53} 29... Be7 {0:04:20} 30. Rfe1 {
0:00:09} 30... Bg5 {0:04:32} 31. Kf1 {0:00:22} 31... Bxe3 {0:03:55} 32. Nxe3 {
0:00:24} 32... Kf8 {0:02:36} 33. Red1 {0:00:16} 33... Rxd1+ {0:01:46} 34. Nxd1
{0:00:45} 34... Ke7 {0:00:44} 35. Ke2 {0:01:03} 35... Ke6 {0:00:51} 36. Ne3 {
0:01:26} 36... Ne7 {0:01:09} 37. Nc4 {0:01:21} 37... Nc6 {0:01:29} 38. Rh1 {
0:00:20} 38... f6 {0:01:45} 39. Ra1 {0:00:12} 39... Rd7 {0:01:50} 40. Nd2 {
0:00:33} 40... Nb8 {0:00:51} 41. Nb3 {0:00:29} 41... b6 {0:00:17} 42. Nd2 {
0:27:40} 42... Kd6 {0:15:14} 43. Nc4+ {0:28:03} 43... Kc6 {0:15:41} 44. Ne3 {
0:28:25} 44... Rf7 {0:15:55} 45. Nf5 {0:16:18} 45... Kb7 {0:15:00} 46. Rd1 {
0:16:43} 46... Kc8 {0:13:37} 47. Kf3 {0:13:09} 47... Nc6 {0:11:16} 48. Kg3 {
0:08:45} 48... Nd8 {0:09:43} 49. Kf3 {0:08:06} 49... Ne6 {0:08:32} 50. g3 {
0:02:04} 1/2-1/2

[Event "GM-Turnier"]
[Site "Berlin"]
[Date "2009.07.05"]
[Round "2.5"]
[White "Paehtz, Elisabeth"]
[Black "Maksimenko, Andrej"]
[Result "1/2-1/2"]
[WhiteElo "2474"]
[BlackElo "2544"]
[PlyCount "96"]
[EventDate "2009.07.??"]

1. e4 {1:23:22} 1... c5 {1:30:23} 2. c3 {1:23:48} 2... Nf6 {1:30:29} 3. e5 {
1:24:14} 3... Nd5 {1:30:55} 4. Bc4 {1:24:40} 4... Nb6 {1:30:12} 5. Bb3 {1:24:58
} 5... d6 {1:29:59} 6. exd6 {1:25:04} 6... Qxd6 {1:29:46} 7. Nf3 {1:24:47} 7...
c4 {1:29:52} 8. Bc2 {1:25:11} 8... Qe6+ {1:30:18} 9. Qe2 {1:16:15} 9... Qxe2+ {
1:30:42} 10. Kxe2 {1:16:43} 10... Nc6 {1:30:59} 11. b3 {1:16:53} 11... e5 {
1:30:06} 12. Ba3 {1:16:01} 12... f5 {0:53:13} 13. Bxf8 {1:14:05} 13... Rxf8 {
0:52:11} 14. h4 {0:50:47} 14... e4 {0:41:59} 15. Ng5 {0:51:01} 15... h6 {
0:42:07} 16. Nh3 {0:51:28} 16... Be6 {0:41:53} 17. Na3 {0:48:01} 17... O-O-O {
0:36:42} 18. Nf4 {0:46:16} 18... Bf7 {0:36:42} 19. h5 {0:45:22} 19... Rd7 {
0:24:10} 20. Rad1 {0:39:15} 20... Ne5 {0:18:55} 21. Ke1 {0:31:36} 21... Re8 {
0:14:22} 22. Rh3 {0:28:33} 22... a6 {0:10:34} 23. Rg3 {0:20:28} 23... Nd5 {
0:06:59} 24. Nxd5 {0:20:53} 24... Bxd5 {0:06:58} 25. bxc4 {0:20:22} 25... f4 {
0:05:52} 26. Rh3 {0:20:45} 26... Nxc4 {0:04:57} 27. Nxc4 {0:21:05} 27... Bxc4 {
0:05:25} 28. Rh4 {0:20:22} 28... f3 {0:02:28} 29. g3 {0:15:12} 29... Bxa2 {
0:01:54} 30. Rxe4 {0:15:33} 30... Rde7 {0:02:00} 31. Re3 {0:15:19} 31... Rxe3+
{0:00:29} 32. fxe3 {0:15:27} 32... Re5 {0:00:29} 33. Bg6 {0:14:27} 33... Be6 {
0:00:43} 34. Kf2 {0:11:33} 34... Bg4 {0:01:12} 35. e4 {0:10:07} 35... a5 {
0:01:21} 36. c4 {0:09:00} 36... Rc5 {0:00:14} 37. Bf7 {0:05:02} 37... b5 {
0:00:14} 38. cxb5 {0:05:07} 38... Rxb5 {0:00:44} 39. Ra1 {0:02:42} 39... Kd7 {
0:00:10} 40. Ke3 {0:01:04} 40... Ke7 {0:00:08} 41. Bg6 {0:26:38} 41... Rb3+ {
0:21:33} 42. d3 {0:23:49} 42... f2 {0:04:36} 43. Kxf2 {0:23:21} 43... Rxd3 {
0:05:02} 44. Rxa5 {0:23:22} 44... Rf3+ {0:03:48} 45. Kg2 {0:23:37} 45... Rb3 {
0:01:47} 46. Kf2 {0:20:59} 46... Rf3+ {0:01:32} 47. Kg2 {0:21:25} 47... Rb3 {
0:01:59} 48. Kf2 {0:17:14} 48... Rf3+ {0:02:24} 1/2-1/2